000 00805cam a22002535a 4500
001 016185983
003 OSt
005 20151013114238.0
008 121004t2013 enka frbf 000 0 eng d
020 _a9780273768838 (spiralbound)
040 _aStDuBDS
_beng
_cStDuBDS
_dUk
_dEG-ScBUE
082 0 4 _a617.1
_222
_bRYA
100 1 _aRyan, Kelly.
_938484
245 1 0 _aWound care /
_cKelly Ryan.
260 _aOxon ;
_aNew York :
_bRoutledge / Taylor & Francis Group,
_cc.2013.
300 _a74 p. :
_bill. ;
_c12 cm.
490 0 _aNursing & health survival guide
504 _aIncludes bibliographical references.
650 0 _aWounds and injuries
_xTreatment.
_2BUEsh
_912100
650 0 _aWounds and injuries
_xNursing.
_2BUEsh
651 _2BUEsh
653 _bNNUR
_cAugust2015
_cOctober2015
942 _2ddc
999 _c20511
_d20483